Normal view MARC view
  • Kaydeda, José María,

Entry Nombre Personal

Number of records used in: 2

001 - NUMERO DE CONTROL

  • campo de control: 36134

003 - IDENTIFICADOR DE NUMERO DE CONTROL

  • campo de control: UPN

005 - FECHA Y HORA DE LA ÜLTIMA TRANSACCIÓN

  • campo de control: 20210219194511.0

008 - DATOS DE LONGITUD FIJA

  • campo de control de longitud fija: nabaccnnaabn|||||||||| b |nc|||||d

035 ## - NUMERO DE CONTROL

  • Número de control: UPN11000008241

040 ## - FUENTE DE CATALOGACIÓN

  • Lenguaje de catalogación: SPA
  • Agencia de transcripción: UPN

100 1# - ENCABEZAMIENTO - NOMBRE PERSONAL

  • Nombre personal: Kaydeda, José María,
  • Fechas asociadas con el nombre: 1920-2006

670 ## - FUENTE EN LA QUE SE LOCALIZARON DATOS

  • Cita de la fuente: LC/P

680 ## - NOTA PUBLICA DE ACCESO PÚBLICO

  • Encabezamiento o subdivisión: Nació en Barcelona, pero su familia se traslada a Galicia. Estudia en Portugal. A los dieciseis años toma parte como voluntario en la guerra civil. Mas tarde estudia Derecho en las Universidades de Santiago de Compostela y Oviedo. En 1941 celebra su primera exposición individual, en el Círculo de Artesanos de Santiago de Compostela. Ese año comienzan también sus colaboraciones en prensa y radio. En el 51 se inicia como dramaturgo. Y por esas misma fechas inicia su trayectoria como poeta y conferenciante,

902 ## - CATALOGADOR

  • Catalogador: MITM/181114